Vignettes of Himachal Himalayas / (Record no. 73814)

MARC details
000 -LEADER
fixed length control field 01174nam a22002777a 4500
005 - DATE AND TIME OF LATEST TRANSACTION
control field 20130222124130.0
008 - FIXED-LENGTH DATA ELEMENTS--GENERAL INFORMATION
fixed length control field 130222t xxu||||| |||| 00| 0 eng d
010 ## - LCCN (DPL NO)
LC control number ENG-106720-21
020 ## - INTERNATIONAL STANDARD BOOK NUMBER
International Standard Book Number 9789381632482 vol.-I
Terms of availability 2500.00 (two set)
020 ## - INTERNATIONAL STANDARD BOOK NUMBER
International Standard Book Number 9789381632499 vol.-II
Terms of availability 2500.00 (two set)
035 ## - SYSTEM CONTROL NUMBER
System control number EN-90253-54
037 ## - SOURCE OF ACQUISITION
Source of stock number/acquisition DBAD / PUB
040 ## - CATALOGING SOURCE
Original cataloging agency dpl
Language of cataloging English
100 ## - MAIN ENTRY--PERSONAL NAME
9 (RLIN) 55100
Personal name Mattu, Vinod Kumar
245 ## - TITLE STATEMENT
Title Vignettes of Himachal Himalayas /
Statement of responsibility, etc by Vinod Kumar Mattu, Vijay Kumar Sharma [and] Pankaj Gupta
260 ## - PUBLICATION, DISTRIBUTION, ETC. (IMPRINT)
Place of publication, distribution, etc New Delhi
Name of publisher, distributor, etc Satyam Publishing House
Date of publication, distribution, etc 2013
270 ## - ADDRESS
Address N-3/25, Mohan Garden, Uttam Nagar
City New Delhi
Postal code 110059
300 ## - PHYSICAL DESCRIPTION
Extent two vol. (x, 266, x,262)p.
Dimensions 20cm(Hb)
500 ## - GENERAL NOTE
General note Two volumes set
650 ## - SUBJECT ADDED ENTRY--TOPICAL TERM
9 (RLIN) 55101
700 ## - ADDED ENTRY--PERSONAL NAME
9 (RLIN) 55201
Personal name Sharma, Vijay Kumar
700 ## - ADDED ENTRY--PERSONAL NAME
Personal name Gupta, Pankaj
9 (RLIN) 55216
942 ## - ADDED ENTRY ELEMENTS (KOHA)
Source of classification or shelving scheme Dewey Decimal Classification
Item type English Books
Call number suffix MAT
Holdings
Withdrawn status Lost status Source of classification or shelving scheme Materials specified (bound volume or other part) Damaged status Not for loan Home library Current library Date acquired Source of acquisition Cost, normal purchase price Total Checkouts Full call number Barcode Date last seen Copy number Cost, replacement price Koha item type
    Dewey Decimal Classification V.1     D.B.Act.Division D.B.Act.Division 22/02/2013 DBAD/PUB 2500.00   MAT EN-90253 22/02/2013 1 2500.00 English Books
    Dewey Decimal Classification v.2     D.B.Act.Division D.B.Act.Division 22/02/2013 DBAD/PUB 2500.00   MAT EN-90254 22/02/2013 1 2500.00 English Books

© Delhi Public Library
Hit Counter
free hit counter